01145 2200277 4500001002100000005001500021035002000036007000300056008004100059020001800100082001000118084001600128100003300144245005500177250002300232300003800255650001300293520040200306600001000708651001400718264004500732336002100777337003000798338002300828990001600851INLIS00000000000058120260504032958 a0010-0526000037ta260504 g 0 fre  a9789792205619 a443.1 a443.1 FAR k0 aFarida SoemargonoePengarang1 aKamus saku perancis indonesia /cFarida Soemargono aCetakan kesembilan a320 Halaman :bIlustrasi ;c18 cm 4aPerancis aKamus Saku Perancis - Indonesia ini diterbitkan untuk memenuhi kebutuhan praktis sekaligus sebagai "pendamping" bagi Kamus Perancis - Indonesia yang lengkap susunan Farida Soemargono dan Winarsih Arifin (Gramedia Pustaka Utama, cetakan ketiga, 1999).Kamus Saku Perancis - Indonesia ini memuat sekita 10.000 entri yang dipilih dengan mempertimbangkan kepentingan para penutur asli bahasa Indonesia. 4aKamus 4aIndonesia aJakarta :bGramedia Pustaka Utama,c2017 2rdacontentaTeks 2rdamediaaTanpa perantara 2rdacarrieraVolume aNM001102/19